| 000 | 00349nam a2200145Ia 4500 | ||
|---|---|---|---|
| 008 | 150201s2010 xx 000 0 und d | ||
| 082 |
_a618.92 _bP10S |
||
| 100 | _aSOANS, S. T. | ||
| 245 | _aPEDIATRIC INTERSIVE CARE PROTOCAL | ||
| 250 | _a1ST | ||
| 260 |
_bJAYPEE BROTHERS _aDELHI _c2010 |
||
| 300 | _a1-120 | ||
| 650 | _aPAEDIATRICS | ||
| 942 |
_2ddc _cBK |
||
| 999 |
_c50 _d50 |
||